| 000 | 00395nam a2200145 a 4500 | ||
|---|---|---|---|
| 001 | 000041389 | ||
| 005 | 20201002034839.0 | ||
| 008 | 131001s2009 uy 000 0 spa d | ||
| 020 | _a9789974967601 | ||
| 040 |
_aDO-SdBNP _bspa _cBNPHU |
||
| 100 | 1 |
_aGenta, Graciela _968041 |
|
| 245 | 1 | 0 |
_aPalabra descalza / _cGraciela Genta. |
| 260 |
_aMontevideo, _cUruguay : _bCBA. |
||
| 300 |
_a104 p. ; _c18 cm. |
||
| 999 |
_c40879 _d40879 |
||